Estatísticas para Supermercado

Clique aqui para jogar o quiz

Estatísticas Gerais

  • Esse quiz foi jogado 4 vezes
  • A pontuação média é 1 de 15

Estatísticas das Respostas

HintResposta% Correto
6.Manteiga
75%
13.Cerveja
25%
15.Acetona
0%
14.Algodão
0%
8.Alho francês
0%
2.Cebolas
0%
5.Fiambre
0%
3.Frigideira
0%
11.Gomas
0%
1.Pensos higiénicos
0%
7.Perca
0%
4.Pipocas
0%
10.Sumo
0%
12.Tampões
0%
9.Tomates
0%

Distribuição das Pontuações

Percentil de Números Respondidos

Porcentagem de Pessoas com Cada Pontuação

Sua Pontuação Histórica

Você não jogou esse quiz